Normal view
MARC view
- AtaurRahman
Entry Personal Name
001 - CONTROL NUMBER
- control field: 35158
003 - CONTROL NUMBER IDENTIFIER
- control field: NUST
005 - DATE AND TIME OF LATEST TRANSACTION
- control field: 20201111153624.0
008 - FIXED-LENGTH DATA ELEMENTS
- fixed length control field: 201111|| aca||aabn | a|a d
040 ## - CATALOGING SOURCE
- Original cataloging agency: NUST
- Transcribing agency: NUST
100 ## - HEADING--PERSONAL NAME
- Personal name: AtaurRahman
670 ## - SOURCE DATA FOUND
- Source citation: Work cat.: (NUST): AtaurRahman, Integrated Requirement Prioritization Model for Open Source Software /, 2013
